Microelectronic circuits (Record no. 1329)

000 -LEADER
fixed length control field 00597nam a22002177a 4500
001 - CONTROL NUMBER
control field 1329
003 - CONTROL NUMBER IDENTIFIER
control field BD-DhUET
008 - FIXED-LENGTH DATA ELEMENTS--GENERAL INFORMATION
fixed length control field 140903b xxu||||| |||| 00| 0 eng d
020 ## - INTERNATIONAL STANDARD BOOK NUMBER
International Standard Book Number 0195680847
040 ## - CATALOGING SOURCE
Transcribing agency 0
Modifying agency BD-DhUET
082 ## - DEWEY DECIMAL CLASSIFICATION NUMBER
Classification number 623.8153
Item number SED/1982
100 ## - MAIN ENTRY--PERSONAL NAME
Personal name Sedra, Adel.S
245 ## - TITLE STATEMENT
Title Microelectronic circuits
Statement of responsibility, etc. by Adel S. Sedra and Kenneth C. Smith
250 ## - EDITION STATEMENT
Edition statement 5th ed.
260 ## - PUBLICATION, DISTRIBUTION, ETC. (IMPRINT)
Place of publication, distribution, etc. New York
Name of publisher, distributor, etc. Oxford University Press
Date of publication, distribution, etc. 1982
300 ## - PHYSICAL DESCRIPTION
Extent xxi, 1283 p.
Other physical details ill.
Dimensions 22 cm.
504 ## - BIBLIOGRAPHY, ETC. NOTE
Bibliography, etc Includes bibliographies
650 #0 - SUBJECT ADDED ENTRY--TOPICAL TERM
Topical term or geographic name as entry element Electronic-Circuits
700 ## - ADDED ENTRY--PERSONAL NAME
Personal name Smith, Kenneth C.
942 ## - ADDED ENTRY ELEMENTS (KOHA)
Koha item type General Book
Holdings
Price effective from Koha issues (times borrowed) Koha out on loan Piece designation (barcode) Koha normalized classification for sorting Sublocation or collection (holding branch) Copy number Source of classification or shelving scheme Koha item type Koha date last seen Shelving location Not for loan Date acquired Koha renewals Lost status Damaged status Koha full call number Withdrawn status Location (home branch) Koha date last borrowed
2014-09-039 103871623_000000000000000_8153SED200Central Library, BUET1 Guide Book2022-05-22Circulation section 2014-09-031  623.8153/SED/2004 Central Library, BUET2021-12-21
2014-09-0372026-02-03103866623_815300000000000_SED_2004Central Library, BUET2 General Book2026-01-20Circulation section 2007-05-281  623.8153/SED/2004 Central Library, BUET2026-01-20
2014-09-03132022-12-06103867623_000000000000000_8153SED200Central Library, BUET3 Guide Book2022-11-22Circulation section 2014-09-03   623.8153/SED/2004 Central Library, BUET2022-11-22
2014-09-0322017-02-26103868623_000000000000000_8153SED200Central Library, BUET4 Guide Book2016-02-27Circulation section 2014-09-03   623.8153/SED/2004 Central Library, BUET2016-02-27
2014-09-0312 103870623_000000000000000_8153SED200Central Library, BUET5 Guide Book2024-06-02Circulation section 2014-09-03   623.8153/SED/2004 Central Library, BUET2024-03-06
2014-09-0313 103873623_000000000000000_8153SED200Central Library, BUET6 Guide Book2025-09-08Circulation section 2014-09-032  623.8153/SED/2004 Central Library, BUET2025-08-24
2014-09-03162023-06-19103872623_000000000000000_8153SED200Central Library, BUET8 Guide Book2023-06-05Circulation section 2014-09-031  623.8153/SED/2004 Central Library, BUET2023-06-05
2014-09-0318 103874623_000000000000000_8153SED200Central Library, BUET9 Guide Book2025-10-18Circulation section 2014-09-03   623.8153/SED/2004 Central Library, BUET2025-09-24
2014-10-2752021-02-09101693623_000000000000000_8153SED200Central Library, BUET10 Guide Book2020-02-10Circulation section 2014-10-27   623.8153/SED/2004 Central Library, BUET2020-02-10
2014-11-291 107789623_815300000000000_SED_1982Central Library, BUET11 General Book2026-03-08Circulation section 2014-11-29   623.8153/SED/1982 Central Library, BUET2014-12-08
2016-03-27102025-05-13101692623_815300000000000_SED_1982Central Library, BUET12 General Book2025-04-29Circulation section 2016-03-27   623.8153/SED/1982 Central Library, BUET2025-04-29